000 00614nam a2200217Ia 4500
003 OSt
005 20250122101237.0
008 210719s2019 xx 000 0 und d
020 _a978-93-86516-60-2
040 _cAL
041 _aeng
082 _a291 KUMP
100 _aKUMAR (Bala Kiran)
_9194449
245 _aPathways to peace: a glance at the various religions
260 _aBengaluru
_c2019
300 _a191
_bPB
650 _aComparative Religion
_9194450
650 _aComparative Religion
_9194450
906 _aa ; at ; glance ; Pathways ; peace: ; religions ; to ; various
942 _2ddc
_cBK
999 _c215846
_d215846